000 00602nam a2200229Ia 4500
003 OSt
005 20220918192942.0
006 a|||||r|||| 00| 0
007 ta
008 220917b |||||||| |||| 00| 0 eng d
024 _a71,286
037 _cTextual
040 _aARTS
_cARTS
_beng
041 _2eng
_aeng
082 _aR3xM76:g, H3 ER
100 _aIshrat Hasan
_980735
245 0 _aMetaphysics of Iqbal
260 _aLahore
_bMuhammad Ashraf
_c1943
650 _aMETAPHYSICS
_913358
942 _hR3xM76:g, H3 ER
_cTEXL
_2CC
999 _c197359
_d197359